[Event "II. CLANSKA LIGA ZAHOD 2025"]
[Site "Komenda"]
[Date "2025.11.15"]
[Round "3.1"]
[White "Demsar, Maks"]
[Black "Skrbec, Leon"]
[Result "1/2-1/2"]
[WhiteElo "2116"]
[BlackElo "2276"]
[PlyCount "68"]
[EventDate "2025.11.14"]
[WhiteTeam "DRUSTVO TOMO ZUPAN"]
[BlackTeam "SK POSTOJNA"]

1. e4 g6 2. d4 Bg7 3. Nc3 a6 4. Be3 d6 5. Qd2 Nd7 6. Nf3 b5 7. Be2 Bb7 8. a3
Nb6 9. h4 h6 10. Nh2 Nf6 11. f3 Nh5 12. Nf1 e5 13. g4 exd4 14. Bxd4 Bxd4 15.
Qxd4 Qf6 16. Qxf6 Nxf6 17. O-O-O O-O-O 18. Ng3 d5 19. e5 Nfd7 20. f4 g5 21.
hxg5 hxg5 22. Rxh8 Rxh8 23. Nh5 gxf4 24. Nxf4 Nxe5 25. Ncxd5 Nxd5 26. Nxd5 Rh2
27. Ne7+ Kb8 28. Re1 Nf3 29. Bxf3 Bxf3 30. g5 Kb7 31. Re3 Bh5 32. Rg3 Re2 33.
g6 fxg6 34. Nxg6 Bxg6 1/2-1/2

[Event "II. CLANSKA LIGA ZAHOD 2025"]
[Site "Komenda"]
[Date "2025.11.15"]
[Round "3.1"]
[White "Hrescak, Ivana"]
[Black "Rozman, Mitja"]
[Result "1/2-1/2"]
[WhiteElo "2120"]
[BlackElo "1983"]
[PlyCount "75"]
[EventDate "2025.11.14"]
[WhiteTeam "SK POSTOJNA"]
[BlackTeam "DRUSTVO TOMO ZUPAN"]

1. d4 Nf6 2. c4 g6 3. Nc3 Bg7 4. e4 d6 5. h3 e5 6. d5 a5 7. Be3 Na6 8. Be2 Nc5
9. Qc2 Bd7 10. g4 h5 11. g5 Nh7 12. Nf3 Qe7 13. O-O-O O-O 14. Bxc5 dxc5 15. h4
Rfb8 16. Qd3 Ra6 17. Ne1 Be8 18. Qg3 Nf8 19. Nc2 Nd7 20. Rd2 Nb6 21. Rhd1 Nc8
22. Qe3 b6 23. a4 Nd6 24. Na3 Raa8 25. Nab5 Bxb5 26. Nxb5 Rf8 27. Rg1 Nxb5 28.
cxb5 Qd6 29. Kb1 Kh7 30. Qb3 Rad8 31. Rd3 Rb8 32. Qa2 Kg8 33. Rc3 Kh7 34. Bc4
Kh8 35. Rcg3 Kh7 36. Be2 Kg8 37. Bc4 Kh7 38. Be2 1/2-1/2

[Event "II. CLANSKA LIGA ZAHOD 2025"]
[Site "Komenda"]
[Date "2025.11.15"]
[Round "3.1"]
[White "Mlacnik, Franc"]
[Black "Cepon, Dusan"]
[Result "0-1"]
[WhiteElo "1972"]
[BlackElo "2012"]
[PlyCount "21"]
[EventDate "2025.11.14"]
[WhiteTeam "DRUSTVO TOMO ZUPAN"]
[BlackTeam "SK POSTOJNA"]

1. d4 Nf6 2. c4 e6 3. g3 d5 4. Nf3 dxc4 5. Qa4+ Nfd7 6. Qxc4 Nc6 7. Bg2 Bb4+ 8.
Bd2 Be7 9. O-O O-O 10. Ne5 Ndxe5 11. dxe5 {nejasno (32)} 0-1

[Event "II. CLANSKA LIGA ZAHOD 2025"]
[Site "Komenda"]
[Date "2025.11.15"]
[Round "3.1"]
[White "Beber, Anja"]
[Black "Muri, Emil"]
[Result "1-0"]
[WhiteElo "1930"]
[BlackElo "1870"]
[PlyCount "87"]
[EventDate "2025.11.14"]
[WhiteTeam "SK POSTOJNA"]
[BlackTeam "DRUSTVO TOMO ZUPAN"]

1. d4 d6 2. Nf3 f5 3. g3 Nf6 4. Bg2 g6 5. O-O Bg7 6. c4 O-O 7. b3 Nc6 8. Bb2
Ne4 9. Nc3 Nxc3 10. Bxc3 e5 11. d5 Ne7 12. Qd2 h6 13. b4 g5 14. Qb2 Ng6 15. c5
g4 16. Nd2 Qe7 17. cxd6 cxd6 18. b5 e4 19. Bxg7 Qxg7 20. Qxg7+ Kxg7 21. Nc4 Rd8
22. f3 exf3 23. exf3 gxf3 24. Rxf3 Ne5 25. Rc3 Nf7 26. Ne3 Kg6 27. Bh3 h5 28.
Rc7 Nh6 29. Rf1 Rf8 30. Ng2 Rf7 31. Nf4+ Kg5 32. Rfc1 Rxc7 33. Rxc7 h4 34. Rg7+
Kf6 35. Rg6+ Ke5 36. Rxh6 hxg3 37. hxg3 Bd7 38. Rh7 Bxb5 39. Rxb7 Bc4 40. Rc7
Kd4 41. Bxf5 Bxa2 42. g4 Bxd5 43. Nxd5 Kxd5 44. Be4+ 1-0

[Event "II. CLANSKA LIGA ZAHOD 2025"]
[Site "Komenda"]
[Date "2025.11.15"]
[Round "3.1"]
[White "Rogelj, Tomaz"]
[Black "Markovcic, Gregor"]
[Result "0-1"]
[WhiteElo "1589"]
[BlackElo "1730"]
[PlyCount "50"]
[EventDate "2025.11.14"]
[WhiteTeam "DRUSTVO TOMO ZUPAN"]
[BlackTeam "SK POSTOJNA"]

1. e4 c5 2. Nf3 Nc6 3. d4 cxd4 4. Nxd4 g6 5. Be3 Bg7 6. Be2 Qa5+ 7. c3 Qc7 8.
O-O Nf6 9. Nd2 O-O 10. f4 d6 11. f5 a6 12. g4 d5 13. Nxc6 bxc6 14. e5 Ne8 15.
e6 fxe6 16. fxe6 Bxe6 17. g5 Nd6 18. h4 Nf5 19. Bf2 Ng3 20. Re1 Qf4 21. Bf3 Be5
22. Bxg3 Qxg3+ 23. Kf1 Bh3+ 24. Ke2 Bg4 25. Bxg4 Rf2# 0-1

[Event "II. CLANSKA LIGA ZAHOD 2025"]
[Site "Komenda"]
[Date "2025.11.15"]
[Round "3.2"]
[White "Markoja Jeraj, Sebastijan"]
[Black "Kerma, Simon"]
[Result "1/2-1/2"]
[WhiteElo "2212"]
[BlackElo "2075"]
[PlyCount "60"]
[EventDate "2025.11.14"]
[WhiteTeam "SK DOL PRI LJUBLJANI"]
[BlackTeam "SK VAL KOPER"]

1. e4 c5 2. Nf3 d6 3. d4 cxd4 4. Nxd4 Nf6 5. Nc3 g6 6. Be3 Bg7 7. f3 Nc6 8. Qd2
O-O 9. Bc4 Nd7 10. O-O-O Nb6 11. Bb3 Na5 12. Qd3 Nxb3+ 13. axb3 a5 14. Na4 Nxa4
15. bxa4 Bd7 16. Nb5 Bc6 17. Kb1 Qd7 18. c4 f5 19. exf5 Bxb5 20. axb5 Qxf5 21.
Qxf5 Rxf5 22. Rd3 Rc8 23. Rc1 Be5 24. h3 Bf4 25. Bxf4 Rxf4 26. b3 b6 27. Kb2
Rf5 28. Re1 Kf7 29. Re4 Rcc5 30. Rde3 Rc7 1/2-1/2

[Event "II. CLANSKA LIGA ZAHOD 2025"]
[Site "Komenda"]
[Date "2025.11.15"]
[Round "3.2"]
[White "Starc, Enej"]
[Black "Kampus, Andrej"]
[Result "1-0"]
[WhiteElo "1961"]
[BlackElo "2066"]
[PlyCount "97"]
[EventDate "2025.11.14"]
[WhiteTeam "SK VAL KOPER"]
[BlackTeam "SK DOL PRI LJUBLJANI"]

1. d4 Nf6 2. Nf3 d5 3. c4 e6 4. g3 dxc4 5. Qa4+ Nbd7 6. Qxc4 c5 7. dxc5 Bxc5 8.
Bg2 O-O 9. O-O a6 10. Qc2 Qe7 11. Bg5 Rb8 12. Nbd2 h6 13. Bxf6 Nxf6 14. Rac1
Ba7 15. Ne5 Bd7 16. Nxd7 Qxd7 17. Nc4 Rfc8 18. Qd2 Qxd2 19. Nxd2 Rxc1 20. Rxc1
Rd8 21. Ne4 Ng4 22. h3 Ne5 23. g4 Rd7 24. b4 f5 25. gxf5 exf5 26. Nc5 Rd2 27.
Bxb7 Rxe2 28. Kf1 Rb2 29. a3 a5 30. bxa5 Rxf2+ 31. Kxf2 Nd3+ 32. Kf3 Nxc1 33.
Bd5+ Kf8 34. Nd7+ Ke7 35. Nb6 Kd6 36. Ke3 f4+ 37. Kd2 f3 38. Bxf3 Nb3+ 39. Kc3
Nxa5 40. Nc8+ Kc5 41. Nxa7 Nc4 42. a4 Nb6 43. a5 Nc4 44. Nc6 g5 45. a6 Nb6 46.
Ne5 Nc8 47. Bb7 Nb6 48. a7 Kd6 49. Nc4+ 1-0

[Event "II. CLANSKA LIGA ZAHOD 2025"]
[Site "Komenda"]
[Date "2025.11.15"]
[Round "3.2"]
[White "Arlic, Nejc"]
[Black "Ivanovic, Andrej"]
[Result "1/2-1/2"]
[WhiteElo "1838"]
[BlackElo "2016"]
[PlyCount "66"]
[EventDate "2025.11.14"]
[WhiteTeam "SK DOL PRI LJUBLJANI"]
[BlackTeam "SK VAL KOPER"]

1. e4 c5 2. c3 g6 3. d4 cxd4 4. cxd4 d5 5. exd5 Nf6 6. Nf3 Bg7 7. Be2 O-O 8.
O-O Nxd5 9. Nc3 Nc6 10. Be3 Nxe3 11. fxe3 e6 12. Rc1 b6 13. Nd2 Bb7 14. Bf3 Qe7
15. Qa4 Rfc8 16. Ne2 Na5 17. Bxb7 Qxb7 18. b4 Nc6 19. Qb3 Ne7 20. Nf3 h6 21.
Nf4 Rxc1 22. Rxc1 Rc8 23. Rc4 Rxc4 24. Qxc4 Qe4 25. Kf2 h5 26. Ke2 Nf5 27. Qd3
Qc6 28. e4 Nd6 29. d5 exd5 30. exd5 Qe8+ 31. Kd2 Qa4 32. Qb3 Qe8 33. Qd3 Qa4
1/2-1/2

[Event "II. CLANSKA LIGA ZAHOD 2025"]
[Site "Komenda"]
[Date "2025.11.15"]
[Round "3.2"]
[White "Cepin, Nik"]
[Black "Azinovic, Igor"]
[Result "1-0"]
[WhiteElo "1719"]
[BlackElo "1787"]
[PlyCount "111"]
[EventDate "2025.11.14"]
[WhiteTeam "SK VAL KOPER"]
[BlackTeam "SK DOL PRI LJUBLJANI"]

1. e4 c5 2. Nf3 d6 3. Bb5+ Bd7 4. Bxd7+ Nxd7 5. c4 Ngf6 6. Nc3 e5 7. d3 Be7 8.
Bg5 O-O 9. Qd2 a6 10. Nh4 g6 11. Bh6 Re8 12. Nf5 Bf8 13. Bxf8 Nxf8 14. Nh6+ Kg7
15. h4 Ne6 16. g4 Nf4 17. Ne2 Kxh6 18. g5+ Kg7 19. gxf6+ Qxf6 20. Nxf4 Qxf4 21.
Qxf4 exf4 22. Ke2 f5 23. Kf3 fxe4+ 24. dxe4 Rf8 25. Rad1 Rf6 26. Rd5 Re8 27.
Rhd1 Ree6 28. a4 Kf7 29. R1d3 h6 30. Rb3 Re7 31. Rb6 Rd7 32. e5 Rf5 33. Rbxd6
Rxd6 34. exd6 Rxd5 35. cxd5 b5 36. axb5 axb5 37. Kxf4 Kf6 38. Ke4 g5 39. hxg5+
hxg5 40. f3 Kf7 41. d7 Ke7 42. d6+ Kxd7 43. Kd5 c4 44. Kc5 b4 45. Kxb4 Kxd6 46.
Kxc4 Ke5 47. b4 Kf4 48. b5 Kxf3 49. b6 g4 50. b7 g3 51. b8=Q g2 52. Qb3+ Kf2
53. Qc2+ Kf1 54. Kd3 g1=N 55. Ke3 Nh3 56. Qh2 1-0

[Event "II. CLANSKA LIGA ZAHOD 2025"]
[Site "Komenda"]
[Date "2025.11.15"]
[Round "3.2"]
[White "Repe, Jure"]
[Black "Cepin, Drago"]
[Result "1/2-1/2"]
[WhiteElo "1763"]
[BlackElo "1710"]
[PlyCount "60"]
[EventDate "2025.11.14"]
[WhiteTeam "SK DOL PRI LJUBLJANI"]
[BlackTeam "SK VAL KOPER"]

1. d4 c5 2. d5 e5 3. e4 a6 4. Nf3 d6 5. a4 f5 6. exf5 Bxf5 7. Nc3 Nf6 8. Bg5
Be7 9. Bc4 O-O 10. O-O Nbd7 11. Re1 h6 12. Bh4 Bg4 13. Bxf6 Nxf6 14. Qd3 Bxf3
15. Qxf3 Nh7 16. Qe2 Ng5 17. Ne4 Nxe4 18. Qxe4 Rf4 19. Qe2 Qb6 20. g3 Rf7 21.
Bd3 c4 22. Bxc4 Raf8 23. Rf1 Qc5 24. b3 Bd8 25. Qe3 Bb6 26. Qxc5 Bxc5 27. Bd3
a5 28. Kg2 Rxf2+ 29. Rxf2 Rxf2+ 30. Kh1 Kf7 1/2-1/2

[Event "II. CLANSKA LIGA ZAHOD 2025"]
[Site "Komenda"]
[Date "2025.11.15"]
[Round "3.3"]
[White "Rodman, Franc"]
[Black "Sajn, Simon"]
[Result "0-1"]
[WhiteElo "1978"]
[BlackElo "2084"]
[PlyCount "58"]
[EventDate "2025.11.14"]
[WhiteTeam "SD JESENICE"]
[BlackTeam "SK RIMEX ILIRSKA BISTRICA"]

1. d4 Nf6 2. Nf3 g6 3. c4 Bg7 4. Nc3 d5 5. cxd5 Nxd5 6. Bd2 O-O 7. e4 Nb6 8.
Be3 Be6 9. b3 c5 10. Rc1 cxd4 11. Nxd4 Bd7 12. Be2 Nc6 13. O-O Nxd4 14. Bxd4
Bh6 15. Rc2 Bc6 16. Qd3 Re8 17. Rd1 e5 18. Be3 Bxe3 19. Qxe3 Qe7 20. Bc4 Rad8
21. Rcd2 Rxd2 22. Qxd2 Kg7 23. Bb5 Rc8 24. Bxc6 Rxc6 25. g3 Qb4 26. Nd5 Qxd2
27. Rxd2 Rd6 28. f4 exf4 29. gxf4 f5 0-1

[Event "II. CLANSKA LIGA ZAHOD 2025"]
[Site "Komenda"]
[Date "2025.11.15"]
[Round "3.3"]
[White "Kekic, Urban"]
[Black "Jeraj, Zlatko"]
[Result "1-0"]
[WhiteElo "2060"]
[BlackElo "2001"]
[PlyCount "91"]
[EventDate "2025.11.14"]
[WhiteTeam "SK RIMEX ILIRSKA BISTRICA"]
[BlackTeam "SD JESENICE"]

1. d4 Nf6 2. c4 g6 3. Nc3 Bg7 4. e4 d6 5. Nf3 O-O 6. Be2 c6 7. Be3 Qc7 8. O-O
Nbd7 9. Nd2 e5 10. d5 a6 11. Qc2 cxd5 12. cxd5 b5 13. Rfc1 Bb7 14. a4 bxa4 15.
Nxa4 Qxc2 16. Rxc2 Rfc8 17. Rac1 Rxc2 18. Rxc2 Rc8 19. Rxc8+ Bxc8 20. Kf1 Kf8
21. Ke1 Ke8 22. Kd1 Kd8 23. Kc2 Kc7 24. Kb3 h5 25. h3 Bf8 26. Kb4 Bb7 27. Ka5
Nb8 28. Nc3 Nfd7 29. b4 Be7 30. Nc4 Bc8 31. b5 axb5 32. Nxb5+ Kd8 33. Ncxd6
Bxd6 34. Nxd6 f6 35. Bb5 Kc7 36. Nc4 Bb7 37. f3 Bc8 38. Bf2 Bb7 39. Bh4 g5 40.
Bf2 h4 41. Ba7 Bc8 42. Ne3 Bb7 43. Ng4 Bc8 44. Bxb8+ Kxb8 45. Bxd7 Bxd7 46.
Nxf6 1-0

[Event "II. CLANSKA LIGA ZAHOD 2025"]
[Site "Komenda"]
[Date "2025.11.15"]
[Round "3.3"]
[White "Pazlar, Marko"]
[Black "Solmajer, Luka"]
[Result "1/2-1/2"]
[WhiteElo "1977"]
[BlackElo "2004"]
[PlyCount "119"]
[EventDate "2025.11.14"]
[WhiteTeam "SD JESENICE"]
[BlackTeam "SK RIMEX ILIRSKA BISTRICA"]

1. Nf3 d5 2. d4 c6 3. g3 Bf5 4. Bg2 Nf6 5. O-O h6 6. c4 e6 7. Nc3 Bd6 8. Nd2
O-O 9. e4 dxe4 10. Ndxe4 Nxe4 11. Nxe4 Be7 12. Be3 Nd7 13. Qb3 Qb6 14. Rfd1
Rfd8 15. Qxb6 Nxb6 16. b3 Ba3 17. Bc1 Bxc1 18. Raxc1 Bxe4 19. Bxe4 Rd7 20. Rd2
Rad8 21. Rcd1 f5 22. Bc2 Kf7 23. Kf1 c5 24. d5 Kf6 25. Ke2 exd5 26. cxd5 Rxd5
27. f4 Rxd2+ 28. Rxd2 Rxd2+ 29. Kxd2 g5 30. fxg5+ Kxg5 31. Bd1 f4 32. Bf3 fxg3
33. hxg3 Nc8 34. Bxb7 Nd6 35. Bf3 Nf5 36. g4 Nd4 37. Ke3 Nc2+ 38. Ke4 Nb4 39.
a3 Nc2 40. Kd5 Kf4 41. Be2 Ne3+ 42. Kxc5 Nxg4 43. b4 h5 44. b5 h4 45. Bf1 Kg3
46. a4 Ne3 47. a5 Nxf1 48. b6 axb6+ 49. axb6 h3 50. b7 h2 51. b8=Q+ Kg2 52.
Qb7+ Kg1 53. Qg7+ Kf2 54. Qf6+ Kg2 55. Qc6+ Kg1 56. Qg6+ Kf2 57. Qf5+ Kg2 58.
Qe4+ Kg1 59. Qg4+ Kf2 60. Qh3 1/2-1/2

[Event "II. CLANSKA LIGA ZAHOD 2025"]
[Site "Komenda"]
[Date "2025.11.15"]
[Round "3.3"]
[White "Rolih, Miran"]
[Black "Ravnik, Franc"]
[Result "1-0"]
[WhiteElo "1916"]
[BlackElo "1832"]
[PlyCount "59"]
[EventDate "2025.11.14"]
[WhiteTeam "SK RIMEX ILIRSKA BISTRICA"]
[BlackTeam "SD JESENICE"]

1. e4 e5 2. Nf3 d6 3. d4 exd4 4. Nxd4 Nf6 5. Nc3 Be7 6. Bc4 O-O 7. Be3 c6 8. a4
Nbd7 9. Nf5 Ne5 10. Nxe7+ Qxe7 11. Be2 b6 12. O-O Bb7 13. f4 Ned7 14. Bf3 Rfe8
15. Re1 Rad8 16. Bf2 Qf8 17. a5 Ra8 18. a6 Bc8 19. Bg3 Nc5 20. e5 dxe5 21. Bxc6
Rd8 22. Qc1 exf4 23. Bxf4 Bxa6 24. Bxa8 Rxa8 25. b4 Ne6 26. Rxa6 Qxb4 27. Be5
Ng4 28. Qa3 Qc4 29. Ra4 Qc8 30. Rxg4 1-0

[Event "II. CLANSKA LIGA ZAHOD 2025"]
[Site "Komenda"]
[Date "2025.11.15"]
[Round "3.3"]
[White "Cvetkov, Risto"]
[Black "Delost, Josko"]
[Result "0-1"]
[WhiteElo "1722"]
[BlackElo "1798"]
[PlyCount "84"]
[EventDate "2025.11.14"]
[WhiteTeam "SD JESENICE"]
[BlackTeam "SK RIMEX ILIRSKA BISTRICA"]

1. d4 d5 2. c4 e6 3. e3 Nf6 4. Nc3 c6 5. Nf3 Nbd7 6. Be2 dxc4 7. Bxc4 b5 8. Bd3
a6 9. O-O Bb7 10. a3 c5 11. Be2 Qb6 12. h3 Be7 13. dxc5 Nxc5 14. b4 Nce4 15.
Bb2 O-O 16. Nxe4 Bxe4 17. Bd4 Qb7 18. Ne1 Rfd8 19. Qc1 Rac8 20. Qb2 h6 21. f3
Bd5 22. Nd3 Bc4 23. Rac1 Bxd3 24. Rxc8 Qxc8 25. Bxd3 e5 26. Rc1 Qe6 27. Qc2
exd4 28. e4 Qb6 29. f4 a5 30. Qc7 Qxc7 31. Rxc7 axb4 32. Rxe7 bxa3 33. Ra7 b4
34. e5 Nd5 35. g3 Nc3 36. Bc4 d3 37. Bxf7+ Kh8 38. f5 d2 39. Bb3 a2 40. e6
d1=Q+ 41. Bxd1 Rxd1+ 42. Kf2 a1=Q 0-1

[Event "II. CLANSKA LIGA ZAHOD 2025"]
[Site "Komenda"]
[Date "2025.11.15"]
[Round "3.4"]
[White "Prestrl, Jozef"]
[Black "Bratovic, Blaz"]
[Result "0-1"]
[WhiteElo "1875"]
[BlackElo "2292"]
[PlyCount "66"]
[EventDate "2025.11.14"]
[WhiteTeam "SD RADOVLJICA"]
[BlackTeam "SD GORENJKA LESCE"]

1. d4 f5 2. c4 Nf6 3. Nf3 e6 4. Bg5 Be7 5. Nc3 O-O 6. e3 d6 7. a3 Nc6 8. b4 Qe8
9. Qc2 e5 10. dxe5 Nxe5 11. Nxe5 dxe5 12. Bxf6 Bxf6 13. Nd5 Bd8 14. Be2 c6 15.
Nc3 e4 16. g3 Qe5 17. O-O Be6 18. Rad1 Bf6 19. Nb1 g5 20. c5 Rad8 21. Rxd8 Rxd8
22. Rd1 Rxd1+ 23. Bxd1 Qb2 24. Kf1 Kf8 25. Ke1 Ba2 26. Nd2 Qxa3 27. Qa4 Qxa4
28. Bxa4 Bc3 29. b5 Bd5 30. bxc6 Bxc6 31. Bxc6 bxc6 32. Ke2 Bxd2 33. Kxd2 Ke7
0-1

[Event "II. CLANSKA LIGA ZAHOD 2025"]
[Site "Komenda"]
[Date "2025.11.15"]
[Round "3.4"]
[White "Mencinger, Vojko"]
[Black "Simnic, Franci"]
[Result "1/2-1/2"]
[WhiteElo "2259"]
[BlackElo "1834"]
[PlyCount "73"]
[EventDate "2025.11.14"]
[WhiteTeam "SD GORENJKA LESCE"]
[BlackTeam "SD RADOVLJICA"]

1. e4 c5 2. Nf3 d6 3. d4 cxd4 4. Nxd4 a6 5. c4 Nf6 6. Nc3 e6 7. Be2 Qc7 8. Be3
Be7 9. O-O O-O 10. Rc1 Nbd7 11. f4 b6 12. Bf3 Bb7 13. Bf2 Rfe8 14. Qe2 Rac8 15.
b3 Qb8 16. g4 d5 17. e5 Ne4 18. Nxe4 dxe4 19. Bxe4 Ba3 20. Rcd1 Bxe4 21. Qxe4
Qc7 22. Nf3 Nc5 23. Qe2 Qb7 24. Rd4 Bb2 25. Rd2 Bc3 26. Rd6 b5 27. Bxc5 Rxc5
28. Qd3 Bb4 29. Ng5 g6 30. Ne4 Rec8 31. Rd8+ Kg7 32. Rxc8 Rxc8 33. a3 bxc4 34.
bxc4 Qb6+ 35. Kg2 Rd8 36. Qf3 Qd4 37. Qe2 1/2-1/2

[Event "II. CLANSKA LIGA ZAHOD 2025"]
[Site "Komenda"]
[Date "2025.11.15"]
[Round "3.4"]
[White "Krivec, Metod"]
[Black "Kelbl, Jakob"]
[Result "0-1"]
[WhiteElo "1840"]
[BlackElo "1995"]
[PlyCount "56"]
[EventDate "2025.11.14"]
[WhiteTeam "SD RADOVLJICA"]
[BlackTeam "SD GORENJKA LESCE"]

1. d4 e6 2. c4 f5 3. g3 Nf6 4. Bg2 c6 5. Nd2 d5 6. Nh3 Bd6 7. O-O O-O 8. Qc2
Nbd7 9. Nf3 Qe7 10. Nf4 Ne4 11. Ne1 g5 12. Nfd3 Qg7 13. e3 h5 14. f3 Nef6 15.
Nf2 g4 16. f4 Qh7 17. Ned3 h4 18. Rd1 Kg7 19. Nh1 Rh8 20. Qf2 hxg3 21. Qxg3 Nf8
22. Ne5 Ng6 23. h3 gxh3 24. Bxh3 Bxe5 25. fxe5 Ne4 26. Qg2 Qxh3 27. Qxh3 Rxh3
28. Kg2 Rh5 0-1

[Event "II. CLANSKA LIGA ZAHOD 2025"]
[Site "Komenda"]
[Date "2025.11.15"]
[Round "3.4"]
[White "Petek, Pavel"]
[Black "Torkar, Boris"]
[Result "1-0"]
[WhiteElo "2100"]
[BlackElo "1858"]
[PlyCount "105"]
[EventDate "2025.11.14"]
[WhiteTeam "SD GORENJKA LESCE"]
[BlackTeam "SD RADOVLJICA"]

1. c4 c6 2. g3 d6 3. Bg2 Nf6 4. Nc3 Bf5 5. e4 Bg6 6. Nge2 e5 7. O-O Be7 8. d3
O-O 9. f4 Bh5 10. h3 Bxe2 11. Nxe2 c5 12. f5 Nc6 13. Kh2 h6 14. g4 Nh7 15. Be3
Rb8 16. a4 a6 17. Nc3 Bg5 18. Bf2 Nb4 19. Qf3 Re8 20. Rad1 Rf8 21. Bg3 Re8 22.
Qf2 Nf6 23. Bf3 Nh7 24. h4 Bf6 25. Kh3 Rf8 26. Qd2 Rc8 27. Rg1 Rb8 28. Bf2 Rc8
29. Rg2 Be7 30. Be2 Re8 31. Rdg1 f6 32. Be3 Rf8 33. Nd1 Nc6 34. Nc3 Nb4 35. Bd1
Rb8 36. Ne2 Nc6 37. Ng3 Kh8 38. Nh5 Rg8 39. g5 fxg5 40. hxg5 Bxg5 41. Bxg5 hxg5
42. Rxg5 Nxg5+ 43. Rxg5 Nb4 44. Rg6 Qe7 45. f6 Qf7 46. fxg7+ Rxg7 47. Rxg7 Qxg7
48. Nxg7 Kxg7 49. Qg5+ Kf7 50. Bh5+ Ke6 51. Qg6+ Kd7 52. Qf7+ Kd8 53. Bg4 1-0

[Event "II. CLANSKA LIGA ZAHOD 2025"]
[Site "Komenda"]
[Date "2025.11.15"]
[Round "3.4"]
[White "Bec, Alojz"]
[Black "Mali, Miha"]
[Result "0-1"]
[WhiteElo "1865"]
[BlackElo "1965"]
[PlyCount "84"]
[EventDate "2025.11.14"]
[WhiteTeam "SD RADOVLJICA"]
[BlackTeam "SD GORENJKA LESCE"]

1. e4 e5 2. Nf3 Nc6 3. Bb5 a6 4. Ba4 d6 5. h3 f5 6. exf5 Bxf5 7. Qe2 b5 8. Bb3
Na5 9. Nd4 Nxb3 10. axb3 Bd7 11. d3 c5 12. Nf3 Be7 13. O-O Nh6 14. Nc3 O-O 15.
Nd5 Nf5 16. Nxe7+ Qxe7 17. Bg5 Qe6 18. Qe4 Nd4 19. Nxd4 cxd4 20. f4 Rac8 21.
Rxa6 Rxc2 22. fxe5 Rxf1+ 23. Kxf1 Qxe5 24. Bf4 Qxe4 25. dxe4 Bc6 26. g3 Kf7 27.
Bxd6 Ke6 28. Bf4 g5 29. Bxg5 Ke5 30. Ke1 Kxe4 31. Ra7 Kd3 32. b4 Re2+ 33. Kf1
Bg2+ 34. Kg1 Bxh3 35. Bf4 h5 36. Rc7 Rg2+ 37. Kh1 Rc2 38. Rh7 Bg4 39. Kg1 Rxb2
40. Bd6 Ke4 41. Re7+ Kd5 42. Bc5 d3 0-1

[Event "II. CLANSKA LIGA ZAHOD 2025"]
[Site "Komenda"]
[Date "2025.11.15"]
[Round "3.4"]
[White "Pavlin, Damijan"]
[Black "Zupan, Luka"]
[Result "1-0"]
[WhiteElo "1963"]
[BlackElo "1514"]
[PlyCount "90"]
[EventDate "2025.11.14"]
[WhiteTeam "SD GORENJKA LESCE"]
[BlackTeam "SD RADOVLJICA"]

1. Nf3 d5 2. e3 c5 3. c4 e6 4. b3 Nf6 5. Bb2 Be7 6. cxd5 exd5 7. d4 Bg4 8. Be2
O-O 9. O-O Nbd7 10. Nc3 Ne4 11. Nxd5 Ndf6 12. Nxe7+ Qxe7 13. Ne5 Bxe2 14. Qxe2
Qc7 15. Rfc1 b6 16. dxc5 bxc5 17. b4 Rfd8 18. Rc2 Rd5 19. Nf3 Rad8 20. bxc5 Ng4
21. Bd4 Ngxf2 22. Nd2 Nxd2 23. Qxf2 Ne4 24. Qh4 Re8 25. Rac1 f6 26. Qg4 Rg5 27.
Qf3 Qc6 28. Qe2 Rc8 29. Qf3 Re8 30. Qe2 Rc8 31. Qd3 Re8 32. Qc4+ Rd5 33. a4 a5
34. Qb5 Qa8 35. Qb6 Kf8 36. c6 Rb8 37. c7 Rc8 38. Qa7 Qxa7 39. Bxa7 Ke8 40. Rc4
Nd2 41. Rc5 Rd3 42. R1c3 Rxc3 43. Rxc3 Kd7 44. Rd3+ Kxc7 45. Rxd2 Ra8 1-0

[Event "II. CLANSKA LIGA ZAHOD 2025"]
[Site "Komenda"]
[Date "2025.11.15"]
[Round "3.5"]
[White "Kastelic, Marjan"]
[Black "Racnik, Tone"]
[Result "1-0"]
[WhiteElo "2242"]
[BlackElo "1890"]
[PlyCount "108"]
[EventDate "2025.11.14"]
[WhiteTeam "SD KRKA NOVO MESTO"]
[BlackTeam "SD VRHNIKA"]

1. d4 Nf6 2. c4 g6 3. Nc3 Bg7 4. e4 d6 5. Be2 O-O 6. g4 e5 7. g5 Ne8 8. dxe5
Bxe5 9. f4 Bg7 10. Nf3 Nc6 11. Be3 Be6 12. Qd2 f5 13. exf5 Rxf5 14. O-O Qe7 15.
Nh4 Rf8 16. Rae1 Qd7 17. Nd5 Ne7 18. Nxe7+ Qxe7 19. Bd3 Qd7 20. f5 Bxf5 21.
Nxf5 gxf5 22. Qc2 f4 23. Bxf4 Qg4+ 24. Bg3 Qxg5 25. Bxh7+ Kh8 26. Rxf8+ Bxf8
27. Be4 Bg7 28. Kh1 Nf6 29. Bxb7 Rb8 30. Bf3 Nh5 31. Bxh5 Qxh5 32. b3 Rf8 33.
Qe4 Bc3 34. Re2 Kg7 35. Bf4 Bf6 36. Rg2+ Kh8 37. Be3 Re8 38. Qf4 Be5 39. Bd4
Rg8 40. Bxe5+ dxe5 41. Qf6+ Kh7 42. Rxg8 Kxg8 43. Qd8+ Kg7 44. Qxc7+ Kf6 45.
Qd6+ Kf5 46. Qd3+ Kf4 47. Kg2 Qe8 48. Qf3+ Kg5 49. Qe3+ Kf5 50. Qxa7 e4 51.
Qh7+ Ke5 52. Qg7+ Kf4 53. Qg3+ Kf5 54. Kf2 Qe7 1-0

[Event "II. CLANSKA LIGA ZAHOD 2025"]
[Site "Komenda"]
[Date "2025.11.15"]
[Round "3.5"]
[White "Gorsic, Jure"]
[Black "Zupancic, Jernej"]
[Result "0-1"]
[WhiteElo "1867"]
[BlackElo "2197"]
[PlyCount "70"]
[EventDate "2025.11.14"]
[WhiteTeam "SD VRHNIKA"]
[BlackTeam "SD KRKA NOVO MESTO"]

1. c4 Nf6 2. Nc3 c5 3. Nf3 Nc6 4. g3 e6 5. d4 cxd4 6. Nxd4 a6 7. Bg2 Qb6 8. Nc2
d6 9. O-O Be7 10. b3 Qa5 11. Bb2 O-O 12. e4 Bd7 13. Qe2 Rab8 14. Rfd1 Rfd8 15.
a3 b5 16. b4 Qb6 17. cxb5 axb5 18. Rd2 Ne5 19. Ne3 Rdc8 20. Rad1 Bd8 21. h3 Rc7
22. Kh2 Rbc8 23. Nb1 h6 24. f4 Qxe3 25. Qxe3 Neg4+ 26. hxg4 Nxg4+ 27. Kg1 Nxe3
28. Re1 Nc4 29. Rf2 Nxb2 30. Rxb2 Rc1 31. Kf2 Bf6 32. Rb3 R8c2+ 33. Re2 Bd4+
34. Kf3 f5 35. Nd2 Rc3+ 0-1

[Event "II. CLANSKA LIGA ZAHOD 2025"]
[Site "Komenda"]
[Date "2025.11.15"]
[Round "3.5"]
[White "Zupancic, Urban"]
[Black "Redek, Leon"]
[Result "0-1"]
[WhiteElo "2024"]
[BlackElo "1735"]
[PlyCount "98"]
[EventDate "2025.11.14"]
[WhiteTeam "SD KRKA NOVO MESTO"]
[BlackTeam "SD VRHNIKA"]

1. e4 d6 2. d4 Nf6 3. Nc3 g6 4. Nge2 Bg7 5. g3 O-O 6. Bg2 c5 7. h3 a6 8. a4 Qc7
9. O-O cxd4 10. Nxd4 Nc6 11. Nde2 Bd7 12. g4 e6 13. Bf4 Ne5 14. b3 Rfd8 15. Qd2
Rac8 16. Be3 Nfxg4 17. hxg4 Nxg4 18. Bd4 Bxd4 19. Qxd4 d5 20. f4 dxe4 21. Bxe4
Bc6 22. Qc5 Bxe4 23. Qxc7 Rxc7 24. Nxe4 Rxc2 25. Rfe1 Rd3 26. Rab1 e5 27. Nf2
Nxf2 28. Kxf2 exf4 29. Kf1 g5 30. Nc1 Rh3 31. Ne2 f3 32. Ng1 Rhh2 33. Nxf3
Rhf2+ 34. Kg1 Rxf3 35. Re7 b5 36. axb5 axb5 37. Re5 h6 38. Rxb5 Rfc3 39. b4
Rc1+ 40. Rxc1 Rxc1+ 41. Kg2 Rc3 42. Rb6 Kg7 43. b5 Rb3 44. Rb8 h5 45. b6 Kg6
46. b7 Kf5 47. Kf2 Kg4 48. Kg2 Rb2+ 49. Kg1 f5 0-1

[Event "II. CLANSKA LIGA ZAHOD 2025"]
[Site "Komenda"]
[Date "2025.11.15"]
[Round "3.5"]
[White "Praznik, Nikolaj"]
[Black "Rifelj, Luka"]
[Result "0-1"]
[WhiteElo "1463"]
[BlackElo "1985"]
[PlyCount "96"]
[EventDate "2025.11.14"]
[WhiteTeam "SD VRHNIKA"]
[BlackTeam "SD KRKA NOVO MESTO"]

1. e4 c5 2. Nf3 d6 3. d4 cxd4 4. Nxd4 Nf6 5. Nc3 a6 6. Be3 e6 7. Be2 Be7 8. O-O
Nc6 9. Qd2 Qc7 10. Rad1 O-O 11. Bf3 Ne5 12. Be2 b5 13. Nf3 b4 14. Nb1 Nxe4 15.
Qxb4 d5 16. Qa4 Bd7 17. Qd4 Nc6 18. Qd3 Nb4 19. Qb3 a5 20. Bd2 a4 21. Qe3 Nxc2
22. Qf4 Qxf4 23. Bxf4 Nb4 24. a3 Nc6 25. Nc3 Nxc3 26. bxc3 Bxa3 27. c4 Bb2 28.
cxd5 exd5 29. Rxd5 Be6 30. Rb5 a3 31. Bd6 Rfd8 32. Bxa3 Bxa3 33. Rb6 Nd4 34.
Nxd4 Rxd4 35. Ra1 Rda4 36. Bb5 R4a5 37. Bc6 Bf8 38. Rab1 Rc8 39. h3 Rc5 40. Bf3
Rc1+ 41. Rxc1 Rxc1+ 42. Kh2 g6 43. Kg3 Bc5 44. Rb2 Bd6+ 45. Kh4 Rc4+ 46. g4 Rc3
47. Be2 Be7+ 48. g5 Rxh3# 0-1